Nemocenské dávky (1. časť)
Všeobecné podmienky nároku na nemocenské dávky zamestnanca. Všeobecné podmienky nároky na nemocenské dávkySZČO a dobrovoľne nemocensky poistenej osoby. Dočasná práceneschopnosť zamestnanca. Kontrola liečebného režimu dočasne práceneschopného poistenca.
Gespeichert in:
| 1. Verfasser: | |
|---|---|
| Format: | Buchkapitel |
| Sprache: | Slowakisch |
| Schlagworte: | |
| Tags: |
Keine Tags, Fügen Sie das erste Tag hinzu!
|
MARC
| LEADER | 00000naa a2200000 4500 | ||
|---|---|---|---|
| 001 | 0302757 | ||
| 005 | 20240619080332.7 | ||
| 041 | 0 | |a slo | |
| 044 | |a SK | ||
| 245 | 1 | 0 | |a Nemocenské dávky (1. časť) |c Katarína Danajovičová |
| 520 | |a Všeobecné podmienky nároku na nemocenské dávky zamestnanca. Všeobecné podmienky nároky na nemocenské dávkySZČO a dobrovoľne nemocensky poistenej osoby. Dočasná práceneschopnosť zamestnanca. Kontrola liečebného režimu dočasne práceneschopného poistenca. | ||
| 610 | 2 | 0 | |a nemocenské |
| 610 | 2 | 0 | |a dávky |
| 610 | 2 | 0 | |a práceneschopnosť |
| 610 | 2 | 0 | |a zamestnanci |
| 610 | 2 | 0 | |a poistenci |
| 100 | 1 | |a Danajovičová, Katarína | |